Normal view
MARC view
Entry Personal Name
001 - CONTROL NUMBER
- control field: 306781
003 - CONTROL NUMBER IDENTIFIER
- control field: DLC
005 - DATE AND TIME OF LATEST TRANSACTION
- control field: 20240223154956.0
008 - FIXED-LENGTH DATA ELEMENTS
- fixed length control field: 181120n| azannabbn |a aaa c
010 ## - LIBRARY OF CONGRESS CONTROL NUMBER
- LC control number: no2018159014
035 ## - SYSTEM CONTROL NUMBER
- System control number: (OCoLC)oca11660255
040 ## - CATALOGING SOURCE
- Original cataloging agency: CtY
- Language of cataloging: eng
- Description conventions: rda
- Transcribing agency: CtY
- Modifying agency: MY-SjTCS
100 1# - HEADING--PERSONAL NAME
- Personal name: May, Jennifer
- Titles and other words associated with a name: (Director for Designmatters)
368 ## - OTHER ATTRIBUTES OF PERSON OR CORPORATE BODY
- Other designation: Director for Designmatters
374 ## - OCCUPATION
- Occupation: Directors of corporations
- Source of term: lcsh
375 ## - GENDER
- Gender: male
377 ## - ASSOCIATED LANGUAGE
- Language code: eng
510 2# - SEE ALSO FROM TRACING--CORPORATE NAME
- Control subfield: r
- Relationship information: Officer of:
- Corporate name or jurisdiction name as entry element: Art Center College of Design (Pasadena, Calif.).
- Subordinate unit: Designmatters
- Authority record control number or standard number: (DLC)no2018159142
670 ## - SOURCE DATA FOUND
- Source citation: Fresh eyes Cuba, 2017:
- Information found: colophon (editor: Jennifer May)
670 ## - SOURCE DATA FOUND
- Source citation: Designmatters WWW site, viewed November 20, 2018
- Information found: (Jennifer May, Director for Designmatters; oversees the Designmatters Fellowship Program, internal department initiatives and other special projects)
- Uniform Resource Identifier: https://designmattersatartcenter.org/people/jennifer-may/